Урок вежливости (Запись № 12187546)

Подробности
000 -МАРКЕР
контрольное поле 01491nam0a2200337 4500
001 - ИДЕНТИФИКАТОР ЗАПИСИ
контрольное поле RU\NLR\BIBL_A\011867679
005 - ИДЕНТИФИКАТОР ВЕРСИИ
контрольное поле 20181227100336.0
010 ## - МЕЖДУНАРОДНЫЙ СТАНДАРТНЫЙ НОМЕР КНИГИ (ISBN)
Номер (ISBN) 978-5-17-111846-4
Тираж 5000
021 ## - НОМЕР ГОСУДАРСТВЕННОЙ РЕГИСТРАЦИИ
Код страны Российская Федерация
Номер КН-П-18-082187
Номер Листа государственной регистраци КН-П-18-5952
035 ## - ДРУГИЕ СИСТЕМНЫЕ НОМЕРА
Идентификатор записи (NLR Aleph) 011867679
035 ## - ДРУГИЕ СИСТЕМНЫЕ НОМЕРА
Идентификатор записи (RuMoRGB)009792668
100 ## - ДАННЫЕ ОБЩЕЙ ОБРАБОТКИ
Данные общей обработки 20181121d2018 b y0rusy50 ca
101 0# - ЯЗЫК РЕСУРСА
Язык текста, звукозаписи и т.д. русский
102 ## - СТРАНА ПУБЛИКАЦИИ ИЛИ ПРОИЗВОДСТВА
Страна публикации Российская Федерация
105 ## - ПОЛЕ КОДИРОВАННЫХ ДАННЫХ: ТЕКСТОВЫЕ МАТЕРИАЛЫ, МОНОГРАФИЧЕСКИЕ
Кодированные данные о монографическом текстовом документе a|||z|||000gy
200 1# - ЗАГЛАВИЕ И СВЕДЕНИЯ ОБ ОТВЕТСТВЕННОСТИ
Основное заглавие Урок вежливости
Сведения, относящиеся к заглавию [стихи
-- для дошкольного возраста]
-- книжка-игрушка с вырубкой]
Первые сведения об ответственности С. Маршак
Последующие сведения об ответственности [художники С. Бордюг и Н. Трепенок]
210 ## - ПУБЛИКАЦИЯ, РАСПРОСТРАНЕНИЕ И ДР.
Место издания, распространения и т.д. Москва
Имя издателя, распространителя и т. д. Малыш
-- АСТ
Дата издания, распространения и т.д. 2018
215 ## - ФИЗИЧЕСКАЯ ХАРАКТЕРИСТИКА
Специфическое обозначение материала и объем [10] с.
Другие сведения о физической характеристике цв. ил.
Размеры 28
225 1# - СЕРИЯ
Основное заглавие серии Серия "Большие книжки для маленьких"
333 ## - ПРИМЕЧАНИЯ ОБ ОСОБЕННОСТЯХ РАСПРОСТРАНЕНИЯ И ИСПОЛЬЗОВАНИЯ
Текст примечания 0+
686 0# - ИНДЕКСЫ ДРУГИХ КЛАССИФИКАЦИЙ
Индекс Ш9(2)60=Р7-5
700 #1 - ИМЯ ЛИЦА - ПЕРВИЧНАЯ ОТВЕТСТВЕННОСТЬ
Графика поля Кириллица
Материалы, к которым относится поле rus
Начальный элемент ввода Маршак
Часть имени, кроме начального элемента ввода С. Я.
Даты 1887-1964
Расширение инициалов личного имени Самуил Яковлевич
Системный номер авторитетной/нормативной записи 114767
Идентификатор авторитетной/нормативной записи RU\NLR\AUTH\774792
702 #1 - ИМЯ ЛИЦА - ВТОРИЧНАЯ ОТВЕТСТВЕННОСТЬ
Код отношения Карикатурист, Художник
Графика поля Кириллица
Материалы, к которым относится поле rus
Начальный элемент ввода Бордюг
Часть имени, кроме начального элемента ввода С. И.
Дополнения к именам, кроме дат художник
Даты 1953-
Расширение инициалов личного имени Сергей Иванович
Системный номер авторитетной/нормативной записи 28664
Идентификатор авторитетной/нормативной записи RU\NLR\AUTH\7745729
702 #1 - ИМЯ ЛИЦА - ВТОРИЧНАЯ ОТВЕТСТВЕННОСТЬ
Код отношения Карикатурист, Художник
Графика поля Кириллица
Материалы, к которым относится поле rus
Начальный элемент ввода Трепенок
Часть имени, кроме начального элемента ввода Н. А.
Дополнения к именам, кроме дат художник
Даты 1953-
Расширение инициалов личного имени Наталья Альфонсовна
Системный номер авторитетной/нормативной записи 66878
Идентификатор авторитетной/нормативной записи RU\NLR\AUTH\7783950
942 ## - ДОПОЛНИТЕЛЬНЫЕ ЭЛЕМЕНТЫ ЗАПИСИ (АБИС)
Тип экземпляра АБИС Книга
980 ## - КОЛЛЕКЦИЯ
Название коллекции НБР
980 ## - КОЛЛЕКЦИЯ
Название коллекции Национальная библиография

Нет доступных экземпляров.